Регионална библиотека "Любен Каравелов" - Русе

Тайната на Черната клисура (Запис номер 147132)

MARC детайли
000 -Лидер
Контролно поле с фиксирана дължина 01366nam a2200325 c 4500
003 - Код на организацията, давaща контролен номер
Контролно поле BLK
005 - Дата и час на последна редакция
Контролно поле 20190313123532.0
008 - Елементи от данни с фиксирана дължина
fixed length control field 180410b bul|||||r ||||||| ||bul||
010 ## - Наследен системен номер
LC control number KNG00153340000
040 ## - Източник на каталожния запис
Идентификатор на билиотеката - собственик на записа BLK
041 ## - Код за език
Код за езика на текст/звукозапис или на отделно заглавие Български
Код за езика КДБФ Български
080 ## - УДК
Текстов определител УДК Чешка литература
УДК код - определител по УДК 821.162.3
УДК определител -31
УДК - код + определител 821.162.3-31
100 1# - Редна дума - Автор
Автор Брабенец, Иржи
Авторска отговорност първи автор
R(LIN) 42727
139 ## - Редно поле
Редна дума Брабенец, Иржи
Авторски знак Бр - Б 75
245 10 - Сведения за заглавието
Заглавие Тайната на Черната клисура
Подзаглавни данни Приключенска случка
Редно поле (дума) Иржи Брабенец; ил. Ал. Хачадурян; ил. В. Койчец; прев. от чеш. Мария Радева.
257 ## - Страна на издаване
Страна на създаване/издаване Чехословакия
260 ## - Област на издателските данни
Име на издателя, разпространителя и проч. Нар. младеж
Година на издаване 1962
300 ## - Физическа характеристика
Страници 176 с.
Илюстрации и др. с ил.
Размери/Мащаб 22 см
380 ## - Жанр
Жанр Худож. лит.
490 1# - СЕРИИ (Колекции)
Име на серия Библиотека Приключения и научна фантастика
500 ## - Общи забележки
Забележка 10 100 тир. - Авт. не е даден на кор.
700 1# - Други автори (авторска отговорност)
Лично име Хачадурян, Ал.
Автороска отговорност (Описва отношението между автора и произведението) ил.
9 (RLIN) 329495
700 1# - Други автори (авторска отговорност)
Лично име Койчец, В.
Автороска отговорност (Описва отношението между автора и произведението) ил.
9 (RLIN) 80781
700 1# - Други автори (авторска отговорност)
Лично име Радева, Мария
Автороска отговорност (Описва отношението между автора и произведението) прев. от чеш.
9 (RLIN) 364438
852 ## - Местоположение
Форматна сигнатура Цб 22190
856 4# - Електронен адрес и достъп
Електронен формат pdf - файл
856 4# - Електронен адрес и достъп
Електронен формат pdf - файл
999 ## - СИСТЕМНИ КОНТРОЛНИ НОМЕРА
Koha biblionumber 147132
Koha biblioitemnumber 147132
942 ## - АРТИКУЛИ
Вид на библиотечния материал Книги
Скрит в OPAC Не
944 ## - СЪЗДАВАНЕ И РЕДАКЦИЯ на ЗАПИСА
Създаване/Редакция Създаване
Дата на регистрацията/редакция 14.11.2013
Статус, дата на статуса 14.11.2013 - от С1,Р / 14.11.2013
Служител, извършил регистрацията/редакцията Анна_Мутафчиева
944 ## - СЪЗДАВАНЕ И РЕДАКЦИЯ на ЗАПИСА
Създаване/Редакция Редакция
Дата на регистрацията/редакция 14.11.2013
Статус, дата на статуса 14.11.2013 - от С1,Р / 14.11.2013
999 ## - СИСТЕМНИ КОНТРОЛНИ НОМЕРА
Koha biblioitemnumber 147132
Наличности
Код за отписване Код за изгубен артикул Източник на класификационната схема Код за повреда Коз за рестрикции Код за отдаване Артикулен № Име на библиотеката - собственик Име на библиотеката, в която се намира в момента Статус (Текущо местоположение) Дата на вписване в системата Местоположение - отдел Цена в лева Инвентарен номер Систематично азбучна сигнатура Баркод Номер на екземпляра Цена в евро Служебна бележка Служебен тип на артикула
  Не е изгубен Universal Decimal Classification Не е повреден без рестрикции ползва се в читалня 244754 Регионална библиотека "Любен Каравелов" Русе Регионална библиотека "Любен Каравелов" Русе Хранилище 1962-01-01 Хранилище 0.65 7261/62 Цб 22190 900000088291 1 0.33 Вид: СФ N: стар фонд Дата: 01.01.1962 Книги
Изтеглен Не е изгубен Universal Decimal Classification Не е повреден без рестрикции заемане за дома 244755 Регионална библиотека "Любен Каравелов" Русе Регионална библиотека "Любен Каравелов" Русе Заемна - подръчен фонд 1962-01-01 Заемна - подръчен фонд 0.00 6236/62 П 885-31/Б 75 6236/62 2 0.00 Вид: Сф N: стар фонд Дата: 01.01.1962 Книги
Изтеглен Не е изгубен Universal Decimal Classification Не е повреден без рестрикции заемане за дома 244756 Регионална библиотека "Любен Каравелов" Русе Регионална библиотека "Любен Каравелов" Русе Заемна - подръчен фонд 1962-01-01 Заемна - подръчен фонд 0.00 6237/62 П 885-31/Б 75 6237/62 3 0.00 Вид: Сф N: стар фонд Дата: 01.01.1962 Книги
Изтеглен Не е изгубен Universal Decimal Classification Не е повреден без рестрикции заемане за дома 244757 Регионална библиотека "Любен Каравелов" Русе Регионална библиотека "Любен Каравелов" Русе Заемна - подръчен фонд 1962-01-01 Заемна - подръчен фонд 0.00 6238/62 П 885-31/Б 75 6238/62 4 0.00 Вид: Сф N: стар фонд Дата: 01.01.1962 Книги
Изтеглен Не е изгубен Universal Decimal Classification Не е повреден без рестрикции заемане за дома 244758 Регионална библиотека "Любен Каравелов" Русе Регионална библиотека "Любен Каравелов" Русе Заемна - подръчен фонд 1962-01-01 Заемна - подръчен фонд 0.00 6240/62 П 885-31/Б 75 6240/62 5 0.00 Вид: Сф N: стар фонд Дата: 01.01.1962 Книги
Изтеглен Не е изгубен Universal Decimal Classification Не е повреден без рестрикции заемане за дома 244759 Регионална библиотека "Любен Каравелов" Русе Регионална библиотека "Любен Каравелов" Русе Заемна - подръчен фонд 1962-01-01 Заемна - подръчен фонд 0.00 6241/62 П 885-31/Б 75 6241/62 6 0.00 Вид: Сф N: стар фонд Дата: 01.01.1962 Книги
Изтеглен Не е изгубен Universal Decimal Classification Не е повреден без рестрикции заемане за дома 244760 Регионална библиотека "Любен Каравелов" Русе Регионална библиотека "Любен Каравелов" Русе Заемна - подръчен фонд 1962-01-01 Заемна - подръчен фонд 0.00 6242/62 П 885-31/Б 75 6242/62 7 0.00 Вид: Сф N: стар фонд Дата: 01.01.1962 Книги
Изтеглен Не е изгубен Universal Decimal Classification Не е повреден без рестрикции заемане за дома 244761 Регионална библиотека "Любен Каравелов" Русе Регионална библиотека "Любен Каравелов" Русе Заемна - подръчен фонд 1962-01-01 Заемна - подръчен фонд 0.00 6243/62 П 885-31/Б 75 6243/62 8 0.00 Вид: Сф N: стар фонд Дата: 01.01.1962 Книги
Изтеглен Не е изгубен Universal Decimal Classification Не е повреден без рестрикции заемане за дома 244762 Регионална библиотека "Любен Каравелов" Русе Регионална библиотека "Любен Каравелов" Русе Заемна - подръчен фонд 1962-01-01 Заемна - подръчен фонд 0.00 6245/62 П 885-31/Б 75 6245/62 9 0.00 Вид: Сф N: стар фонд Дата: 01.01.1962 Книги
Vip Innovations Ltd, Rousse, Bulgaria 2025